Zwycięzcy Eurowizji (część 1.) - Statystyki

Ogólne statystyki
  • Ten quiz został rozwiązany 91 razy
  • Średni wynik to 16 z 21
Statystyki odpowiedzi
Rok Państwo % Poprawnych
1956 Szwajcaria
99%
1957 Holandia
84%
1974 Szwecja
84%
1958 Francja
83%
1959 Holandia
81%
1960 Francja
79%
1961 Luksemburg
79%
1969 Francja, Holandia, Hiszpania, Wielka Brytania
77%
1962 Francja
76%
1970 Irlandia
76%
1968 Hiszpania
74%
1964 Włochy
74%
1963 Dania
71%
1965 Luksemburg
71%
1967 Wielka Brytania
71%
1976 Wielka Brytania
71%
1966 Austria
70%
1975 Holandia
67%
1972 Luksemburg
67%
1971 Monako
67%
1973 Luksemburg
66%
Nie znaleziono quizów pasujących do podanych kryteriów
Rozkład punktacji
Procent ludzi z każdym wynikiem
Percentyl według liczby udzielonych odpowiedzi
Twoja historia wyników
Nie rozwiązałeś tego quizu